[Event "Titled Tuesday intern op 01st Aug Late"]
[Site "Chess.com INT"]
[Date "2023.08.01"]
[Round "2"]
[White "Lee, Jayden Z"]
[Black "Volkov, Maksim"]
[Result "0-1"]
[WhiteElo "2041"]
[BlackElo "2260"]
[PlyCount "48"]
[EventDate "2023.08.01"]
[EventType "swiss (blitz)"]
[EventRounds "11"]
[EventCountry "USA"]
[SourceTitle "EXT 2024"]
[Source "ChessBase"]
[SourceDate "2023.10.10"]
[SourceVersion "1"]
[SourceVersionDate "2023.10.10"]
[SourceQuality "1"]

1. e4 c5 2. Nf3 d6 3. d4 cxd4 4. Nxd4 Nf6 5. Nc3 a6 6. Bg5 e6 7. f4 Be7 8. Qf3 Qc7 9. 0-0-0 Nbd7 10. g4 h6 11. Bxf6 Bxf6 12. h4 Nb6 13. g5 Bxd4 14. Rxd4 Qc5 15. Qd3 hxg5 16. Rxd6 Nd7 17. fxg5 Rxh4 18. Rg1 Qxg1 19. g6 Qxg6 20. Qc4 Rh1 21. b3 Qf6 22. Kb2 Qxf1 23. Qc7 b5 24. e5 Qc1# 0-1

[Event "World op 50th"]
[Site "Philadelphia"]
[Date "2022.07.02"]
[Round "4"]
[White "Yanayt, Eugene"]
[Black "Lee, Jayden Z"]
[Result "1-0"]
[WhiteElo "2080"]
[BlackElo "1884"]
[PlyCount "117"]
[EventDate "2022.06.30"]
[EventType "swiss"]
[EventRounds "9"]
[EventCountry "USA"]
[SourceTitle "CBM 209 Extra"]
[Source "ChessBase"]
[SourceDate "2022.09.30"]
[SourceVersion "1"]
[SourceVersionDate "2022.09.30"]
[SourceQuality "1"]

1. d4 Nf6 2. c4 g6 3. Nc3 Bg7 4. e4 d6 5. Nf3 0-0 6. Be2 Na6 7. 0-0 e5 8. Re1 c6 9. Bf1 Qb6 10. d5 cxd5 11. cxd5 Nc5 12. Nd2 a6 13. Nc4 Qc7 14. a4 b6 15. f3 Rb8 16. Be3 b5 17. axb5 axb5 18. Na5 Bd7 19. b4 Na6 20. Qb3 Rfc8 21. Rec1 Qd8 22. Nc6 Bxc6 23. Rxa6 Be8 24. Ra5 Rb7 25. Bxb5 Rxc3 26. Qxc3 Bxb5 27. Qc8 Qxc8 28. Rxc8+ Bf8 29. Raa8 Ne8 30. Rxe8 Bxe8 31. Rxe8 Kg7 32. Bd2 f5 33. Kf2 Kf7 34. Rc8 Ke7 35. Ke2 f4 36. Kd3 Bg7 37. Kc4 Kd7 38. Rc6 Bf6 39. Be1 Ra7 40. b5 Bd8 41. b6 Ra2 42. Bb4 Rxg2 43. b7 Bc7 44. Rxd6+ Ke8 45. Rc6 Kd7 46. Ba5 Rc2+ 47. Kb5 Rb2+ 48. Bb4 g5 49. Rh6 g4 50. d6 Bb8 51. Rxh7+ Kd8 52. Rh8+ Kd7 53. Rxb8 gxf3 54. Rd8+ Ke6 55. b8Q f2 56. Qc8+ Kf7 57. Qf5+ Kg7 58. Rd7+ Kg8 59. Qf7+ 1-0